000 00312nam a22001337a 4500
008 171027b xxu||||| |||| 00| 0 eng d
020 _a0792391403
041 _aeng
080 _a336
100 _a56
101 _aFIN
245 _aA THEORY OF PRODUCTION FOR FINANCIAL FIRM
_cDIANA.H
942 _2udc
_cBK
999 _c36285
_d36285